|
|
|
|
| LEADER |
00000nam0a2200000 4500 |
| 001 |
75066 |
| 005 |
20231031090225.0 |
| 035 |
|
|
|a (RuTPU)RU\TPU\book\80044
|
| 090 |
|
|
|a 75066
|
| 100 |
|
|
|a 20050317d2002 m y0rusy50 ca
|
| 101 |
1 |
|
|a rus
|c eng
|
| 102 |
|
|
|a RU
|
| 105 |
|
|
|a a j 000zy
|
| 200 |
1 |
|
|a LabVIEW: Основы цифровой электроники
|e [учебный курс]
|f Б. Патон
|
| 210 |
|
|
|a Москва
|c National instruments
|d 2002
|
| 215 |
|
|
|a 190 с.
|c ил.
|
| 225 |
1 |
|
|a National Instruments
|
| 421 |
|
1 |
|0 (RuTPU)RU\TPU\book\80047
|t Демонстрационная версия LabVIEW 6i. Виртуальные приборы для учебных пособий
|o учебное пособие
|f Компания National Instruments Corporation
|c М.
|n National Instruments
|d 2002
|p 1 Мультимедиа CD-ROM
|
| 610 |
1 |
|
|a цифровая электроника
|
| 610 |
1 |
|
|a аналоговая электроника
|
| 610 |
1 |
|
|a операционные усилители
|
| 610 |
1 |
|
|a схемы
|
| 610 |
1 |
|
|a полупроводниковые диоды
|
| 610 |
1 |
|
|a фильтры
|
| 610 |
1 |
|
|a интегральные таймеры
|
| 610 |
1 |
|
|a вибраторы
|
| 610 |
1 |
|
|a преобразователи напряжения
|
| 610 |
1 |
|
|a нелинейные схемы
|
| 610 |
1 |
|
|a логарифмические усилители
|
| 610 |
1 |
|
|a теория
|
| 610 |
1 |
|
|a лабораторные работы
|
| 610 |
1 |
|
|a учебные пособия
|
| 675 |
|
|
|a 621.38(075.8)
|v 3
|
| 700 |
|
1 |
|a Патон
|b Б.
|g Барри
|
| 801 |
|
1 |
|a RU
|b 63413507
|c 20050317
|g PSBO
|
| 801 |
|
2 |
|a RU
|b 63413507
|c 20050328
|g PSBO
|
| 942 |
|
|
|c BK
|